| АИС "Историко-культурное наследие Беларуси" | ||
| Базовый | Расширенный | Профессиональный | Словарь персоналий | Тематический словарь | По видам объектов | История запросов Заказы | Регистрация | |
Запись в MARC-формате
| копировать MARC-запись |
=LDR 00000nx\\c2200205\\\45\\
=001 BY-NLB-ar5248332
=005 20160330095636.3
=100 \\$a20120620arusy50\\\\\\ca0
=152 \\$apsbo
=160 \\$ae-bw
=215 \\$aКостел Святого Иоанна Крестителя (Крево, агрогородок; Сморгонский район)
=300 1\$aПервоначально построен в 1387 г. В 1636 г. – перестроен. В 1868 г. переделан в православную церковь Святой Троицы. В 1906 г. приход восстановлен. Памятник архитектуры барокко.
=356 \\$aНаходится в центре аг. Крево Сморгонского района Гродненской области.
=415 \\$5a$aЦерковь Святой Троицы
=515 \\$5w$3BY-NLB-ar5248321$aКасцёл Святога Іаана Хрысціцеля (Крэва, аграгарадок; Смаргонскі раён)
=801 \0$aBY$bBY-HM0000$c20120620
=810 \\$aКаталіцкія храмы на Беларусі : энцыклапедычны даведнік / А. М. Кулагін. — Мінск, 2000.
=810 \\$aЯк птушка фенікс / Аляксандр Камінскі // Куфэрак Віленшчыны. ― 2005. ― № 1. ― С. 74―77.
=810 \\$aКрево // Туристская энциклопедия Беларуси. — Минск, 2007. — С. 266.
=999 \\$f2786 NLB-NDARD$t20120620
Чтобы вернуться назад, щелкните кнопку BACK на Вашем браузере